Minefield Puzzle II Quiz Stats

Quiz Updated Oct 3, 2012

Type 'S' if you believe the square is safe, and 'M' if you believe there is a mine. Adjacent includes diagonals. This quiz can be done without guessing!
Score 0/30 Timer 20:00
1 Play Today
Spot Square % Correct
A1



???
100%
D1



???
90.1%
D3



???
85.1%
D5



???
85.1%
E5



???
78.4%
C5



???
77.7%
A4



???
74.5%
F5



???
48.2%
E1



???
47%
B4



???
44%
A3



???
42.3%
A5



???
40%
B1



???
38.8%
B5



???
36.8%
E3



???
36%
Spot Square % Correct
B3



???
35.4%
D4



???
34.5%
D2



???
33.8%
F1



???
33.1%
C3



???
29.3%
A2



???
27.3%
C1



???
27.2%
B2



???
25.6%
C4



???
23.4%
E4



???
22.7%
F3



???
22%
E2



???
21.8%
C2



???
20.2%
F4



???
18.9%
F2



???
18.6%
 
Number % Answered
30 (all)
11.4%
26-29
2.6%
22-25
4.9%
18-21
9%
14-17
11.2%
10-13
14%
6-9
31.2%
2-5
11.6%
1-1
4%

You're not logged in!

Compare scores with friends on all Sporcle quizzes.
Sign Up with Email
OR
Log In

You Might Also Like...

Show Comments

Extras


Your Account Isn't Verified!

In order to create a playlist on Sporcle, you need to verify the email address you used during registration. Go to your Sporcle Settings to finish the process.